Keyboard Speed Test - 1 Minute Quiz Stats

Quiz not verified by Sporcle

Challenge
Share
Tweet
Embed
Score 0/50 Timer 01:00
0 Plays Today
Keys Keys % Correct
????
100%
????
99.8%
????
99.4%
????
99.4%
????
99%
????
98.7%
????
98.7%
????
98.5%
????
98.5%
????
98.4%
????
98.1%
????
97.9%
????
97.8%
????
97.6%
????
97.5%
????
97.4%
????
97.3%
????
97.2%
????
97.1%
????
97%
????
96.8%
????
96.6%
????
96.4%
????
96.2%
????
96.2%
Keys Keys % Correct
????
96.1%
????
95.6%
????
95.5%
????
95.5%
????
95.5%
????
95.4%
????
95.3%
????
95.3%
????
95.2%
????
95.1%
????
94.6%
????
93.6%
????
92.6%
????
91%
????
90.3%
????
89.3%
????
87.7%
????
86.8%
????
85.9%
????
85.1%
????
84.6%
????
67.5%
????
41.4%
????
32%
????
29.9%

You're not logged in!

Compare scores with friends on all Sporcle quizzes.
Sign Up with Email
OR
Log In

You Might Also Like...

Show Comments

Extras

Top Quizzes Today


Score Distribution

Your Account Isn't Verified!

In order to create a playlist on Sporcle, you need to verify the email address you used during registration. Go to your Sporcle Settings to finish the process.